Nuevos dilemas se suman a los antiguos en desarrollo agrícola

Guardado en:
Bibliografiske detaljer
Format: Texto
Fag:
Tags: Tilføj Tag
Ingen Tags, Vær først til at tagge denne postø!

MARC

LEADER 00000 a a2200000 04500
001 10231
003
040
245 |a Nuevos dilemas se suman a los antiguos en desarrollo agrícola  
650 |a DESARROLLO AGROPECUARIO  
650 |a SECTOR AGROPECUARIO  
773 |g número 16; páginas 1, 6  
999 |c 27186  |d 27186